[Event "TOP 16 Higher pool"]
[Site "BELFORT"]
[Date "????.??.??"]
[Round "10.26"]
[White "Murzin, Volodar"]
[Black "Lupulescu, Constantin"]
[Result "1/2-1/2"]
[WhiteElo "2658"]
[BlackElo "2574"]
[PlyCount "85"]
[EventDate "2025.05.??"]
[WhiteTeam "TREMBLAY"]
[BlackTeam "GRASSE"]
[WhiteTeamCountry "FRA"]
[BlackTeamCountry "FRA"]

1. e4 c5 2. Nf3 a6 3. Nc3 b5 4. a4 b4 5. Ne2 Bb7 6. Ng3 d6 7. c3 Nf6 8. Bd3 e6
9. cxb4 cxb4 10. Bb1 a5 11. O-O Be7 12. Re1 Nbd7 13. d4 O-O 14. b3 Re8 15. Bb2
Ba6 16. Qd2 Qc7 17. Bc2 Rac8 18. Rac1 Qb8 19. Rcd1 Bf8 20. Bb1 e5 21. Nf5 h6
22. h3 Bb7 23. Nh2 exd4 24. Qxd4 Re6 25. Ng4 Nxg4 26. hxg4 Ne5 27. Ne3 Rg6 28.
f3 h5 29. Nd5 hxg4 30. f4 Nd7 31. Qe3 Bxd5 32. exd5 Rh6 33. Bf5 Rd8 34. Bxg4
Nf6 35. Bf3 Re8 36. Qf2 Be7 37. Bd4 Nd7 38. Qe2 Kf8 39. Qb5 Nc5 40. Qxb8 Rxb8
41. Bxc5 dxc5 42. Re4 Bd6 43. Be2 1/2-1/2

[Event "TOP 16 Higher pool"]
[Site "BELFORT"]
[Date "????.??.??"]
[Round "10.27"]
[White "Wirig, Anthony"]
[Black "Kobalia, Mikhail"]
[Result "1/2-1/2"]
[WhiteElo "2438"]
[BlackElo "2538"]
[PlyCount "75"]
[EventDate "2025.05.??"]
[WhiteTeam "GRASSE"]
[BlackTeam "TREMBLAY"]
[WhiteTeamCountry "FRA"]
[BlackTeamCountry "FRA"]

1. Nf3 d5 2. e3 Nf6 3. c4 e6 4. Nc3 Be7 5. b3 O-O 6. Bb2 b6 7. cxd5 exd5 8. d4
Bb7 9. Bd3 Nbd7 10. O-O Re8 11. Rc1 a6 12. Re1 Bd6 13. Bf1 Qe7 14. g3 Rad8 15.
Bg2 Ne4 16. Qc2 f6 17. Red1 Nf8 18. Nh4 Qe6 19. Nxe4 dxe4 20. Bf1 Kh8 21. a4
Bd5 22. Bc4 c6 23. Bxd5 cxd5 24. Qe2 b5 25. Rc6 bxa4 26. bxa4 Qd7 27. Qxa6 Ra8
28. Qb5 Be7 29. Rb6 Rxa4 30. Nf5 Qxb5 31. Rxb5 Rb4 32. Rxb4 Bxb4 33. g4 g6 34.
Ng3 Rb8 35. Ne2 Ne6 36. Ra1 Kg8 37. Kg2 Rb7 38. Bc3 1/2-1/2

[Event "TOP 16 Higher pool"]
[Site "BELFORT"]
[Date "????.??.??"]
[Round "10.28"]
[White "Abergel, Thal"]
[Black "Demuth, Adrien"]
[Result "0-1"]
[WhiteElo "2415"]
[BlackElo "2524"]
[PlyCount "76"]
[EventDate "2025.05.??"]
[WhiteTeam "TREMBLAY"]
[BlackTeam "GRASSE"]
[WhiteTeamCountry "FRA"]
[BlackTeamCountry "FRA"]

1. d4 Nf6 2. Nc3 d5 3. Bf4 e6 4. e3 Bb4 5. Nge2 O-O 6. a3 Bd6 7. Ng3 Bxf4 8.
exf4 b6 9. Be2 c5 10. O-O Nc6 11. dxc5 bxc5 12. Bb5 Ne7 13. Bd3 Qc7 14. Qd2 c4
15. Be2 Rb8 16. Rab1 Rd8 17. Rfd1 Ng6 18. f5 exf5 19. Nh5 Nxh5 20. Bxh5 d4 21.
Bxg6 hxg6 22. Ne2 d3 23. c3 Bd7 24. Nd4 Ba4 25. Re1 Qb6 26. h3 Rxd4 27. cxd4
Bc2 28. Ra1 Qxb2 29. Qf4 c3 30. Ra2 d2 31. Rf1 Qxa2 32. Qxb8+ Kh7 33. Qg3 d1=Q
34. Rxd1 Bxd1 35. Qxc3 Qd5 36. f3 Ba4 37. Qe3 Bc6 38. Qf4 f6 0-1

[Event "TOP 16 Higher pool"]
[Site "BELFORT"]
[Date "????.??.??"]
[Round "10.29"]
[White "Milliet, Sophie"]
[Black "Bellahcene, Bilel"]
[Result "1/2-1/2"]
[WhiteElo "2364"]
[BlackElo "2504"]
[PlyCount "22"]
[EventDate "2025.05.??"]
[WhiteTeam "GRASSE"]
[BlackTeam "TREMBLAY"]
[WhiteTeamCountry "FRA"]
[BlackTeamCountry "FRA"]

1. d4 Nf6 2. c4 g6 3. Nc3 Bg7 4. e4 d6 5. Nf3 O-O 6. Be2 e5 7. dxe5 dxe5 8.
Qxd8 Rxd8 9. Nd5 Nxd5 10. cxd5 c6 11. Bc4 b5 1/2-1/2

[Event "TOP 16 Higher pool"]
[Site "BELFORT"]
[Date "????.??.??"]
[Round "10.30"]
[White "Shirazi, Kamran"]
[Black "Barbot, Pierre"]
[Result "0-1"]
[WhiteElo "2234"]
[BlackElo "2454"]
[PlyCount "54"]
[EventDate "2025.05.??"]
[WhiteTeam "TREMBLAY"]
[BlackTeam "GRASSE"]
[WhiteTeamCountry "FRA"]
[BlackTeamCountry "FRA"]

1. e4 e5 2. Nc3 Nc6 3. f4 exf4 4. d4 Qh4+ 5. Ke2 d5 6. Nxd5 Bg4+ 7. Nf3 O-O-O
8. c3 f5 9. Qd3 Nf6 10. Nxf6 Qxf6 11. Kf2 Bc5 12. Bxf4 Bxf3 13. e5 Nxe5 14.
Bxe5 Qxe5 15. gxf3 Qf4 16. Rd1 Rhe8 17. Bh3 g6 18. Bg2 Be7 19. Rhf1 Qxh2 20.
Rh1 Bh4+ 21. Kf1 Qf4 22. Rh3 Re3 23. Qc4 Rde8 24. Kg1 Re1+ 25. Rxe1 Rxe1+ 26.
Bf1 Qe3+ 27. Kh1 Qf2 0-1

[Event "TOP 16 Higher pool"]
[Site "BELFORT"]
[Date "????.??.??"]
[Round "10.31"]
[White "Loiseau, Quentin"]
[Black "Kolodziejczyk, Boris"]
[Result "1/2-1/2"]
[WhiteElo "2400"]
[BlackElo "2192"]
[PlyCount "157"]
[EventDate "2025.05.??"]
[WhiteTeam "GRASSE"]
[BlackTeam "TREMBLAY"]
[WhiteTeamCountry "FRA"]
[BlackTeamCountry "FRA"]

1. d4 d5 2. Nf3 Nf6 3. c3 g6 4. Bf4 Bg7 5. h3 O-O 6. e3 c5 7. Nbd2 Qb6 8. Qb3
c4 9. Qxb6 axb6 10. Be2 b5 11. Bxb8 Rxb8 12. O-O Ra8 13. Ne5 Nd7 14. Nxd7 Bxd7
15. f4 f5 16. Bf3 e6 17. g4 Bf6 18. g5 Be7 19. a3 Kf7 20. Be2 h5 21. gxh6 Rh8
22. Nf3 Bf6 23. Kg2 Rxh6 24. Rh1 Rah8 25. Rh2 Kg7 26. Bd1 Kf7 27. Bc2 Ke7 28.
Rg1 Be8 29. Bd1 Bd7 30. Kg3 Bh4+ 31. Kg2 Bf6 32. Be2 Be8 33. Bf1 Bh4 34. Kh1
Bf6 35. Re2 Bf7 36. Kh2 Be8 37. Rh1 Rh5 38. Rg1 R5h6 39. Rh1 Rh5 40. Rf2 R5h6
41. Kg1 Rh5 42. Rfh2 Bh4 43. Kg2 R5h6 44. Be2 R6h7 45. Kf1 Rh6 46. Bd1 R6h7 47.
Rg2 Rh6 48. Be2 Bf7 49. Bd1 Be8 50. Ke2 R8h7 51. Kd2 Rh8 52. Kc2 R8h7 53. Be2
Rh8 54. Bf1 R8h7 55. Rhg1 Bf6 56. Rh2 Bh4 57. Be2 Rh8 58. b3 Bf6 59. Bf1 Bc6
60. Kb2 R8h7 61. Rg3 Be8 62. h4 Rh8 63. Rgh3 R6h7 64. Be2 Rh6 65. Rh1 Bc6 66.
Bf1 Be8 67. Ng5 Bxg5 68. hxg5 Rxh3 69. Rxh3 Rxh3 70. Bxh3 Kd6 71. Bf1 cxb3 72.
Kxb3 Kc7 73. Kb4 Kb6 74. Be2 Bd7 75. Bd3 Be8 76. Bc2 Bd7 77. Bb3 Be8 78. Ba2
Bd7 79. Bb3 1/2-1/2

[Event "TOP 16 Higher pool"]
[Site "BELFORT"]
[Date "????.??.??"]
[Round "10.32"]
[White "Guerin, Juliette"]
[Black "Sochacki, Christophe"]
[Result "0-1"]
[WhiteElo "1926"]
[BlackElo "2458"]
[PlyCount "84"]
[EventDate "2025.05.??"]
[WhiteTeam "TREMBLAY"]
[BlackTeam "GRASSE"]
[WhiteTeamCountry "FRA"]
[BlackTeamCountry "FRA"]

1. e4 d5 2. exd5 Qxd5 3. Nc3 Qa5 4. Bc4 Nf6 5. d3 Bg4 6. f3 Bd7 7. Bd2 Qb6 8.
Bb3 e6 9. Qe2 Nc6 10. Be3 Nd4 11. Qd2 Bc5 12. Nd1 a5 13. Bc4 Nxc2+ 14. Qxc2
Bxe3 15. Nxe3 Qxe3+ 16. Qe2 Qd4 17. Nh3 b5 18. Bb3 a4 19. Bd1 Nd5 20. a3 e5 21.
Qe4 Bxh3 22. gxh3 g6 23. Rc1 Kd7 24. Be2 Rhe8 25. h4 Kd6 26. Rb1 f5 27. Qxd4
exd4 28. Kf2 Nf4 29. Rhe1 Re3 30. Rbd1 Rae8 31. Bf1 c5 32. Rc1 Rxe1 33. Rxe1
Rxe1 34. Kxe1 Kd5 35. Kd2 c4 36. dxc4+ bxc4 37. Kc2 d3+ 38. Kc3 Kc5 39. h3 h5
40. Kd2 Kd4 41. Kd1 Ke3 42. Ke1 Kxf3 0-1